000
00328nam a2200145Ia 4500
008
230312s9999||||xx |||||||||||||| ||und||
020
_a
0-07-112163-3
082
_a
005.133
_b
BAI-J
100
_a
Bailey;Duane
245
0
_a
Java structure
260
_b
Mcgrawhill
_a
UK
_c
2003
300
_a
514
650
_a
Computer
942
_c
BK
999
_c
1901
_d
1901